000 00592nam a22001697a 4500
005 20150124124331.0
008 130319t sp||||| |||| 00| 0 spa d
020 _a9788447209521
050 0 4 _aRK652.5
_bD53 2007
245 0 0 _aDiccionario de materiales odontológicos /
_cAmparo Jiménez-Planas...[et al.].
250 _a1a ed.
260 _aSevilla, España :
_bSecretariado de publicaciones de la Universidad de Sevilla,
_c2007
300 _a206 p. :
_bil. ;
_c24 cm.
650 7 _aOdontologia
_vMateriales
_2Lemb
_xDiccionario
700 1 _aJiménez-Planas, Amparo,
_ecoaut.
942 _2lcc
_cLIB
999 _c36553
_d36553